[Event "AUTO-INT-3042"]
[Site "http://www.queenalice.com/game.php?id=1378875"]
[Date "2015.8.21"]
[Round "1"]
[White "dcmfc"]
[Black "Felipe_Carvalho"]
[Result "0-1"]
[WhiteElo "1600"]
[BlackElo "1863"]

1. c4 Nf6 2. Nc3 d5 3. e3 e5 4. Nf3 Nc6 5. a3 Be6 6. cxd5 Nxd5 7. Nxd5 Qxd5 8.
Be2 Be7 9. O-O O-O 10. b4 a6 11. Bb2 Rad8 12. d4 e4 13. Nd2 f5 14. f3 Bg5 15. f4
Bf6 16. Qc2 Nxd4 0-1

[Event "AUTO-INT-3042"]
[Site "http://www.queenalice.com/game.php?id=1378876"]
[Date "2015.8.21"]
[Round "1"]
[White "Felipe_Carvalho"]
[Black "dcmfc"]
[Result "1-0"]
[WhiteElo "1868"]
[BlackElo "1595"]

1. e4 c5 2. Nf3 d6 3. d4 cxd4 4. Nxd4 Nf6 5. Nc3 g6 6. Bg5 Bg7 7. Be2 O-O 8. O-O
Bd7 9. Qd2 Nc6 10. Rad1 Qb6 11. Nb3 Rfe8 12. Kh1 Be6 13. Be3 Qd8 14. Nd4 Nxd4
15. Bxd4 a6 16. f4 d5 17. exd5 1-0

[Event "AUTO-INT-3051"]
[Site "http://www.queenalice.com/game.php?id=1383213"]
[Date "2015.9.14"]
[Round "1"]
[White "Zodiac"]
[Black "dcmfc"]
[Result "0-1"]
[WhiteElo "1537"]
[BlackElo "1590"]

1. e4 e5 2. Nf3 Nc6 3. Bc4 d6 4. d4 Bg4 5. a3 h6 6. Nbd2 Qd7 7. d5 Nd4 8. c3
Nxf3+ 9. Nxf3 Nf6 10. Qd3 a6 11. h3 Bxf3 12. Qxf3 O-O-O 13. Qd3 Kb8 14. O-O Be7
15. Bxa6 bxa6 16. Qxa6 Qc8 17. Qb5+ Qb7 18. Qxb7+ Kxb7 19. f3 Rc8 0-1

[Event "AUTO-INT-3051"]
[Site "http://www.queenalice.com/game.php?id=1383214"]
[Date "2015.9.14"]
[Round "1"]
[White "dcmfc"]
[Black "Zodiac"]
[Result "1-0"]
[WhiteElo "1604"]
[BlackElo "1523"]

1. c4 e5 2. Nc3 Bb4 3. Nf3 Qe7 4. g3 Bxc3 5. bxc3 e4 6. Nd4 d6 7. Bg2 c5 8. Nb5
a6 9. Na3 f5 10. O-O Nf6 11. Bb2 Be6 12. d4 cxd4 13. cxd4 d5 14. e3 Nbd7 15.
cxd5 Bxd5 16. Qc2 O-O 17. Rfc1 Bc6 18. Nc4 Nd5 19. Nd2 1-0

[Event "AUTO-INT-3051"]
[Site "http://www.queenalice.com/game.php?id=1383227"]
[Date "2015.9.14"]
[Round "1"]
[White "McJack3xtr3me"]
[Black "dcmfc"]
[Result "0-1"]
[WhiteElo "1339"]
[BlackElo "1617"]

1. e4 c5 2. d3 Nc6 3. Bf4 g6 4. Nc3 Bg7 5. Qg4 Nf6 6. Qh4 d6 7. O-O-O O-O 8. Nb5
a6 9. Nc3 d5 10. exd5 Nxd5 11. f3 Nxc3 12. bxc3 Bxc3 13. Bd2 Bxd2+ 14. Kxd2 Qa5+
15. c3 Qxa2+ 16. Ke3 e5 17. Rd2 Qa1 18. Ke2 Qxc3 19. Ke3 Nd4 20. g4 f5 21. gxf5
Nxf5+ 22. Ke2 Nxh4 23. d4 exd4 24. Rd3 Re8+ 25. Kd1 Re1# 0-1

[Event "AUTO-INT-3051"]
[Site "http://www.queenalice.com/game.php?id=1383228"]
[Date "2015.9.14"]
[Round "1"]
[White "dcmfc"]
[Black "McJack3xtr3me"]
[Result "0-1"]
[WhiteElo "1622"]
[BlackElo "1334"]

1. c4 e5 2. Nc3 Nf6 3. Nf3 Nc6 4. e3 Bc5 5. Be2 d6 6. O-O Be6 7. d4 exd4 8. exd4
Bxd4 9. Nxd4 Nxd4 10. Qxd4 c5 11. Qe3 Nd5 12. Nxd5 b6 13. Nc3 Qe7 14. Nd5 Qd7
15. Re1 Qa4 16. Nc7+ Kd7 17. Nxa8 Rxa8 18. b3 Qb4 19. Bf3 a5 20. a3 Qxe1+ 21.
Qxe1 d5 22. cxd5 Bf5 23. Bb2 g6 24. Bf6 Re8 25. Qd2 h5 0-1

[Event "AUTO-INT-3051"]
[Site "http://www.queenalice.com/game.php?id=1383235"]
[Date "2015.9.14"]
[Round "1"]
[White "Karjaking"]
[Black "dcmfc"]
[Result "0-1"]
[WhiteElo "1702"]
[BlackElo "1594"]

1. f4 d5 2. Nf3 Nc6 3. e3 Nf6 4. Bb5 Bd7 5. Bxc6 Bxc6 6. O-O e6 7. Ne5 Bb5 8. d3
Bd6 9. Nc3 Ba6 10. b4 c6 11. Rb1 Qb6 12. a3 O-O 13. Rf3 Bxe5 14. fxe5 Nd7 15. d4
f6 16. Qe1 fxe5 17. Bb2 Rxf3 18. gxf3 exd4 19. exd4 Qxd4+ 20. Kg2 Qf6 21. Qg3
Qg6 22. Re1 Qxg3+ 23. hxg3 Re8 24. a4 b6 25. b5 Bb7 26. Ne2 cxb5 27. axb5 Nf6
28. Nf4 Bc8 29. Bxf6 gxf6 30. Nxd5 Kf7 31. Nc7 Re7 32. Na6 Bxa6 0-1

[Event "AUTO-INT-3051"]
[Site "http://www.queenalice.com/game.php?id=1383236"]
[Date "2015.9.14"]
[Round "1"]
[White "dcmfc"]
[Black "Karjaking"]
[Result "1-0"]
[WhiteElo "1614"]
[BlackElo "1682"]

1. e4 c5 2. Nf3 d6 3. Nc3 g6 4. d4 cxd4 5. Qxd4 Nf6 6. e5 dxe5 7. Qxd8+ Kxd8 8.
Nxe5 Be6 9. g3 Nbd7 10. Nxd7 Nxd7 11. Bg2 Bg7 12. Bd2 Kc7 13. O-O a6 14. Rfe1
Ne5 15. Bf4 f6 16. Bxe5+ fxe5 17. Nd5+ Bxd5 18. Bxd5 Rad8 19. Rad1 Rd6 20. Bf3
Rhd8 21. Rxd6 exd6 22. b3 Rf8 23. Kg2 b6 24. c4 a5 25. a4 h6 26. Bd5 Kd7 27. f3
g5 28. g4 Rf4 29. Rd1 Rd4 30. Rxd4 exd4 31. Kf2 Be5 32. h3 1-0

[Event "AUTO-INT-3051"]
[Site "http://www.queenalice.com/game.php?id=1412020"]
[Date "2016.3.4"]
[Round "2"]
[White "dcmfc"]
[Black "pariolinius"]
[Result "1-0"]
[WhiteElo "1670"]
[BlackElo "1765"]

1. e4 e6 2. d4 d5 3. Nc3 dxe4 4. Nxe4 Nc6 5. Nf3 g6 6. Be3 Bg7 7. Bb5 Ne7 8. O-O
O-O 9. c3 a6 10. Bxc6 Nxc6 11. Qd2 Bd7 12. Bh6 Re8 13. Bxg7 Kxg7 14. Rad1 Qe7
15. Rfe1 Qd8 16. Neg5 h6 17. d5 hxg5 18. dxc6 Bxc6 19. Nxg5 Qe7 20. h3 Rad8 21.
Qf4 Qf6 22. Qxf6+ Kxf6 23. h4 Rd6 24. Rxd6 cxd6 25. Kh2 e5 26. g4 Rh8 27. Kg3
Ke7 28. f4 f6 29. Nh3 Kd7 30. fxe5 dxe5 31. g5 Ke6 32. gxf6 Kxf6 33. Ng5 Bd5 34.
a3 Bc6 35. Rf1+ Ke7 36. Rf7+ Kd6 37. Rf6+ Kd5 38. Rxg6 Kc4 39. Nf7 Rh5 40. Kg4
Rh7 41. Nxe5+ Kd5 42. Nxc6 bxc6 43. h5 a5 44. Rg5+ 1-0

[Event "AUTO-ADV-3630"]
[Site "http://www.queenalice.com/game.php?id=1420802"]
[Date "2016.5.1"]
[Round "1"]
[White "dcmfc"]
[Black "jlpbarreto"]
[Result "1-0"]
[WhiteElo "1744"]
[BlackElo "1902"]

1. c4 Nf6 2. Nf3 e6 3. Nc3 d5 4. cxd5 exd5 5. d4 c6 6. e3 Bb4 7. Bd2 Qa5 8. Be2
Ne4 9. O-O O-O 10. Qc2 Bf5 11. Nxe4 Bxe4 12. Bxb4 Qxb4 13. Qd2 Qd6 14. a3 Nd7
15. Qd1 h6 16. Bd3 Bxd3 17. Qxd3 Nf6 18. h3 Rfe8 19. b4 Ne4 20. Rab1 a6 21. Rb2
f5 22. Ne5 Rac8 23. f3 Ng3 24. Rfb1 Rf8 25. Kf2 Nh5 26. a4 g6 27. b5 axb5 28.
axb5 c5 29. Qa3 b6 30. g4 fxg4 31. hxg4 Ng7 32. f4 Qe6 33. Qd3 c4 34. Qxg6 Rf6
35. Qc2 Ra8 36. Rg1 Ra5 37. g5 hxg5 38. Rxg5 Rh6 39. Qb1 Rh2+ 40. Kg1 Rxb2 41.
Qxb2 Qe8 42. Qg2 Qf8 43. Qxd5+ Kh7 44. Rg3 1-0

[Event "AUTO-ADV-3630"]
[Site "http://www.queenalice.com/game.php?id=1420803"]
[Date "2016.5.1"]
[Round "1"]
[White "jlpbarreto"]
[Black "dcmfc"]
[Result "1/2-1/2"]
[WhiteElo "1926"]
[BlackElo "1736"]

1. e4 c5 2. Nf3 Nc6 3. c3 g6 4. d4 cxd4 5. Nxd4 Bg7 6. Be3 Nf6 7. Bd3 O-O 8. O-O
d6 9. Qd2 Nxd4 10. cxd4 Bd7 11. Nc3 Ng4 12. h3 Nxe3 13. fxe3 e6 14. Rf2 Bc6 15.
Raf1 Rc8 16. Bb5 d5 17. Bd3 dxe4 18. Bxe4 Bxe4 19. Nxe4 f5 20. Nc5 Qe7 21. Qb4
b6 22. Nd3 Qxb4 23. Nxb4 Rc4 24. a3 Rfc8 25. Nd3 Bh6 26. Re2 Rc2 27. Rff2 Rxe2
28. Rxe2 Bg7 29. Kf2 g5 30. g3 Kf7 31. Ke1 a5 32. Kd1 Ke7 33. Rc2 Rxc2 34. Kxc2
Kd6 35. Kc3 e5 36. Nxe5 Bxe5 37. dxe5+ Kxe5 38. Kd3 h5 39. a4 f4 40. exf4+ gxf4
41. gxf4+ Kxf4 42. Ke2 Kg3 43. Ke3 h4 44. b3 Kxh3 45. Kf3 Kh2 46. Kf2 h3 47. Kf1
Kh1 48. Kf2 Kh2 1/2-1/2

[Event "AUTO-ADV-3630"]
[Site "http://www.queenalice.com/game.php?id=1420804"]
[Date "2016.5.1"]
[Round "1"]
[White "dcmfc"]
[Black "Pinehill"]
[Result "1-0"]
[WhiteElo "1714"]
[BlackElo "1853"]

1. e4 d5 2. exd5 Nf6 3. Nf3 Nbd7 4. Nc3 Nb6 5. Be2 Nbxd5 6. Nxd5 Qxd5 7. O-O c6
8. d4 Bg4 9. Re1 O-O-O 10. Be3 h6 11. c3 e6 12. Ne5 Bxe2 13. Qxe2 Bd6 14. Nxf7
Ne4 15. Nxh8 Rxh8 16. Bf4 Nxc3 17. bxc3 Bxf4 18. Qxe6+ Qxe6 19. Rxe6 Rf8 20.
Rae1 Bd2 21. Re8+ Rxe8 22. Rxe8+ Kd7 23. Re4 Bxc3 24. g4 b5 25. h4 a5 26. Kf1 b4
27. Ke2 a4 28. Kd3 Kd6 29. Kc4 Kd7 30. f4 Bd2 31. g5 hxg5 32. fxg5 Kd6 33. g6 b3
34. axb3 a3 35. Re8 Bc1 36. h5 1-0

[Event "AUTO-ADV-3630"]
[Site "http://www.queenalice.com/game.php?id=1420805"]
[Date "2016.5.1"]
[Round "1"]
[White "Pinehill"]
[Black "dcmfc"]
[Result "0-1"]
[WhiteElo "1893"]
[BlackElo "1690"]

1. e4 c5 2. Nf3 Nc6 3. d4 cxd4 4. Nxd4 g6 5. Be3 Bg7 6. Nc3 Nf6 7. Be2 O-O 8.
Qd2 d6 9. O-O-O Qa5 10. Kb1 Bd7 11. f4 Nxd4 12. Bxd4 Bc6 13. Bf3 e5 14. fxe5
dxe5 15. Bxe5 Qxe5 16. h4 Nd7 17. h5 Nb6 18. hxg6 fxg6 19. Qe2 Na4 20. Qc4+ Kh8
21. Nxa4 Bxa4 22. Rxh7+ Kxh7 23. Rh1+ Bh6 24. Qxa4 Kg7 25. Qd7+ Rf7 26. Qh3 Rh8
0-1

[Event "AUTO-ADV-3630"]
[Site "http://www.queenalice.com/game.php?id=1420806"]
[Date "2016.5.1"]
[Round "1"]
[White "dcmfc"]
[Black "balu"]
[Result "1/2-1/2"]
[WhiteElo "1793"]
[BlackElo "1692"]

1. d4 d5 2. c4 dxc4 3. Nf3 Bf5 4. e3 b5 5. Nc3 Nc6 6. Nxb5 e6 7. Bxc4 Nb4 8. Bb3
c6 9. Nc3 f6 10. O-O c5 11. Ba4+ Kf7 12. a3 Nd5 13. Nxd5 Qxd5 14. dxc5 Qxd1 15.
Rxd1 Bxc5 16. Rd7+ Ne7 17. b4 e5 18. Bb3+ Ke8 19. Rd2 Bb6 20. Bb2 Be4 21. Ne1 a5
22. bxa5 Bxa5 23. Rdd1 Bxe1 24. Rxe1 Nc6 25. Ba4 Rxa4 26. Rec1 Kf7 27. f3 Bd5
28. e4 Na5 29. Rc7+ Kg6 30. exd5 Nb3 31. Rd1 Nd4 32. Bxd4 exd4 33. d6 Rd8 34. d7
Kf7 35. Kf2 Ke6 36. Rb1 Rxa3 37. Rbb7 Ra2+ 38. Kf1 d3 39. Rc8 Rxd7 40. Rxd7 Kxd7
41. Rc3 Ra1+ 42. Kf2 Rd1 43. Ke3 Ke6 44. Rxd3 Rxd3+ 45. Kxd3 Ke5 46. Ke3 g5 47.
g4 h6 48. h3 Kd5 49. f4 gxf4+ 50. Kxf4 Ke6 51. h4 Kf7 52. Kf5 Kg7 53. g5 fxg5
54. hxg5 h5 55. Kf4 Kg6 56. Kg3 Kxg5 57. Kg2 Kh4 58. Kh2 Kg4 59. Kg2 h4 60. Kg1
Kh3 61. Kh1 Kg3 62. Kg1 h3 1/2-1/2

[Event "AUTO-ADV-3630"]
[Site "http://www.queenalice.com/game.php?id=1420807"]
[Date "2016.5.1"]
[Round "1"]
[White "balu"]
[Black "dcmfc"]
[Result "0-1"]
[WhiteElo "1762"]
[BlackElo "1778"]

1. e4 e5 2. Nf3 Nc6 3. Bb5 Nf6 4. d3 Be7 5. Bxc6 bxc6 6. Nc3 d6 7. b4 O-O 8. Bg5
d5 9. Nxe5 Qd6 10. f4 Qxb4 11. Qd2 d4 12. Ne2 Qxd2+ 13. Kxd2 c5 14. Nc6 Re8 15.
Nxe7+ Rxe7 16. f5 Ba6 17. Bxf6 gxf6 18. g4 Rb8 19. Rab1 Rxb1 20. Rxb1 Rd7 21.
Nf4 c4 22. Nh5 Rd8 23. Nxf6+ Kh8 24. Nd5 Rc8 25. Ne7 Re8 26. f6 h6 27. Nf5 cxd3
28. cxd3 Kh7 29. Rb4 Kg6 30. Ra4 Re6 31. Rxd4 Kxf6 32. h4 Bc8 33. Nxh6 Ra6 34.
g5+ Kg6 35. Rd8 Rxa2+ 36. Ke3 Bh3 37. Rd7 Bxd7 0-1

[Event "AUTO-INT-3051"]
[Site "http://www.queenalice.com/game.php?id=1427002"]
[Date "2016.6.10"]
[Round "3"]
[White "dcmfc"]
[Black "glaubergouveia"]
[Result "1-0"]
[WhiteElo "1766"]
[BlackElo "1516"]

1. c4 c5 2. Nf3 Nc6 3. g3 f6 4. Bg2 e6 5. Nc3 Bd6 6. O-O e5 7. e3 b6 8. d4 cxd4
9. exd4 exd4 10. Nxd4 Bb7 11. Nxc6 Qc7 12. Nd5 Qxc6 13. Nxf6+ Nxf6 14. Bxc6 Bxc6
15. Qxd6 Kf7 16. Bg5 h6 17. Bxf6 gxf6 18. Rfe1 Kg6 19. Re7 Rhg8 20. Rae1 Rad8
21. R1e5 Rg7 22. Qd3+ f5 23. Qxf5# 1-0

[Event "AUTO-INT-3051"]
[Site "http://www.queenalice.com/game.php?id=1427003"]
[Date "2016.6.10"]
[Round "3"]
[White "glaubergouveia"]
[Black "dcmfc"]
[Result "0-1"]
[WhiteElo "1510"]
[BlackElo "1772"]

1. e4 c5 2. Bc4 Nc6 3. Qf3 e6 4. d3 Nf6 5. a3 Be7 6. Qg3 g6 7. Bg5 O-O 8. Qh3 d5
9. exd5 exd5 10. Bb5 Bxh3 11. Nxh3 Qa5+ 12. c3 Qxb5 13. O-O Qxb2 14. Nd2 Qxc3
15. Rfd1 Rfe8 16. Nf4 Qe5 17. Nh3 Ng4 18. Bxe7 Qxh2+ 19. Kf1 Rxe7 20. f3 Ne3+
21. Ke2 Qxg2+ 22. Ke1 Nc2# 0-1

[Event "AUTO-ADV-3630"]
[Site "http://www.queenalice.com/game.php?id=1445184"]
[Date "2016.10.11"]
[Round "2"]
[White "Mercurium"]
[Black "dcmfc"]
[Result "1-0"]
[WhiteElo "2178"]
[BlackElo "1758"]

1. d4 d5 2. Nf3 Nf6 3. c4 dxc4 4. Nc3 e6 5. e3 Bb4 6. Bxc4 O-O 7. O-O Nc6 8. a3
Bxc3 9. bxc3 Re8 10. Re1 e5 11. Bb5 Qd5 12. c4 Qd6 13. Nxe5 1-0

[Event "AUTO-ADV-3630"]
[Site "http://www.queenalice.com/game.php?id=1445185"]
[Date "2016.10.11"]
[Round "2"]
[White "dcmfc"]
[Black "Mercurium"]
[Result "0-1"]
[WhiteElo "1756"]
[BlackElo "2179"]

1. e4 d6 2. d4 Nf6 3. Nc3 g6 4. Nf3 Bg7 5. Bc4 O-O 6. O-O Nxe4 7. Nxe4 d5 8. Bb3
dxe4 9. Ng5 Qxd4 10. Qxd4 Bxd4 11. Bxf7+ Rxf7 12. Nxf7 Kxf7 13. Bf4 e5 14. c3
Bxc3 0-1